Long-term vision on rural transport (Record no. 72970)

MARC details
000 -LEADER
fixed length control field 01053cam a2200205 4500
001 - CONTROL NUMBER
control field ABS66855
008 - FIXED-LENGTH DATA ELEMENTS--GENERAL INFORMATION
fixed length control field 030701n2003 000 0 eng u
035 ## - SYSTEM CONTROL NUMBER
System control number (Sirsi) u122845
245 ## - TITLE STATEMENT
Title Long-term vision on rural transport
260 ## - PUBLICATION, DISTRIBUTION, ETC.
Date of publication, distribution, etc. 2003
490 ## - SERIES STATEMENT
Series statement Countryside Focus
Volume/sequential designation (26) June/July 2003, 6(2)
520 ## - SUMMARY, ETC.
Summary, etc. The Countryside Agency has published a report on rural transport needs, highlighting 10 principles for transport to improve the quality of life for rural residents, businesses and visitors. Summarises the key areas of the report and list the principles, based on sustainable development and requiring social, economic and environmental objectives to be pursued together. The report, "Transport in tomorrow's countryside" (CA 143) is available free from Countryside Agency Publications at www.countryside.gov.uk/publications.
590 ## - LOCAL NOTE (RLIN)
Local note ABS
650 ## - SUBJECT ADDED ENTRY--TOPICAL TERM
Topical term or geographic name entry element RURAL COMMUNITIES
650 ## - SUBJECT ADDED ENTRY--TOPICAL TERM
Topical term or geographic name entry element RURAL ISSUES
650 ## - SUBJECT ADDED ENTRY--TOPICAL TERM
Topical term or geographic name entry element SUSTAINABLE TRANSPORT
650 ## - SUBJECT ADDED ENTRY--TOPICAL TERM
Topical term or geographic name entry element PUBLIC TRANSPORT
690 ## - LOCAL SUBJECT ADDED ENTRY--TOPICAL TERM (OCLC, RLIN)
Topical term or geographic name as entry element TRANSPORT AND COMMUNICATIONS
942 ## - ADDED ENTRY ELEMENTS (KOHA)
Suppress in OPAC 0
Holdings
Withdrawn status Lost status Source of classification or shelving scheme Damaged status Not for loan Home library Current library Shelving location Date acquired Total Checkouts Full call number Barcode Date last seen Copy number Price effective from Koha item type
    Dewey Decimal Classification     London London Journal article 01/07/2003   ABS66855 122845-1001 06/08/2019 1 06/08/2019 Journal article